National Seminar on Abiotiv Stress Management Challenges and Opportunities: (Record no. 204192)

MARC details
000 -LEADER
fixed length control field 00658nam a22001817a 4500
005 - DATE AND TIME OF LATEST TRANSACTION
control field 20240718153201.0
010 ## - LCCN (DPL NO)
LC control number ENG-140898
020 ## - INTERNATIONAL STANDARD BOOK NUMBER
International Standard Book Number 9789388570008
Terms of availability 750.00
035 ## - SYSTEM CONTROL NUMBER
System control number EN-124430
037 ## - SOURCE OF ACQUISITION
Source of stock number/acquisition DBAD
082 ## - DEWEY DECIMAL CLASSIFICATION NUMBER
Classification number 810
100 ## - MAIN ENTRY--PERSONAL NAME
Personal name Department of Crop Physiology
245 ## - TITLE STATEMENT
Title National Seminar on Abiotiv Stress Management Challenges and Opportunities:
Remainder of title Souvenir and Abstracts/
Statement of responsibility, etc By Department of Crop Physiology
260 ## - PUBLICATION, DISTRIBUTION, ETC. (IMPRINT)
Place of publication, distribution, etc Tamil Nadu
Name of publisher, distributor, etc Department of Crop Physiology
Date of publication, distribution, etc 2011
270 ## - ADDRESS
Address Tamil Nadu Agricultural University, Coimbatore
City Tamil Nadu
Postal code 641003
300 ## - PHYSICAL DESCRIPTION
Extent 296p.
Dimensions 26cm.(Hb)
942 ## - ADDED ENTRY ELEMENTS (KOHA)
Source of classification or shelving scheme Dewey Decimal Classification
Item type English Books
Call number suffix NAT
Classification part 630
Holdings
Withdrawn status Lost status Not for loan Collection code Home library Current library Date acquired Source of acquisition Cost, normal purchase price Full call number Barcode Copy number Cost, replacement price Koha item type
      Non-fiction Narela Narela 18/07/2024 DBAD 750.00 NAT 630 EN-124430 1 750.00 English Books

© Delhi Public Library
Hit Counter
free hit counter